| 000 | 01027nam0a22002651 4500 | ||
|---|---|---|---|
| 001 | rc\303777 | ||
| 005 | 20190411111511.0 | ||
| 035 | _a(NLR Aleph) 005539460 | ||
| 090 |
_a5694746 _c5694746 |
||
| 100 | _a20030307d1990 u |0rusy50 ca | ||
| 101 | 0 | _arus | |
| 102 | _aRU | ||
| 105 | _aa ||||||||| | ||
| 200 | 1 |
_aЭкстерьер мамонта _fОтв. ред. Ю.В. Шумилов _gАН СССР. Сиб. отд-ние. Ин-т мерзлотоведения, Якут. респ. комис. по изуч. мамонтовой фауны |
|
| 210 |
_aЯкутск _cИн-т мерзлотоведения _d1990 |
||
| 215 |
_a39, [1] с. _cил. _d29 |
||
| 320 | _aБиблиогр.: с. 39 | ||
| 700 | 1 |
_aВерещагин _bН. К. _f1909- _gНиколай Кузьмич |
|
| 701 | 1 |
_aТихонов _bА. Н. _cзоолог _gАлексей Николаевич _3RU\NLR\AUTH\7738607 |
|
| 801 | 0 |
_aRU _bNLR _gpsbo |
|
| 801 | 1 |
_aRU _bELAR _2rusmarc |
|
| 852 |
_aNLR _j90-8/558 |
||
| 942 | _cBOOK | ||
| 980 | _aNB | ||